[Event "Altibox Norway Chess 2017"]
[Site "Stavanger"]
[Date "2017.06.10"]
[Round "4"]
[White "Caruana, Fabiano"]
[Black "Kramnik, Vladimir"]
[Result "1/2-1/2"]
[WhiteElo "2808"]
[BlackElo "2808"]
[Annotator "TA"]
[PlyCount "105"]
[EventDate "2017.??.??"]
[EventType "tourn"]
[EventCountry "NOR"]
[SourceTitle "playchess.com"]
[Source "ChessBase"]
[SourceQuality "1"]

{[%evp 9,105,14,14,8,12,12,12,3,12,6,26,24,47,45,45,38,54,24,20,11,13,0,77,68,144,147,143,145,122,153,157,130,126,143,180,121,125,71,88,65,57,50,154,125,133,133,169,175,178,174,186,183,205,197,297,116,116,116,116,116,123,8,22,8,130,27,267,227,210,45,39,50,136,132,135,124,128,0,6,0,14,0,0,0,0,0,0,0,0,0,0,0,0,0,0,0,0,0]} 1. e4 e5 2. Nf3 Nc6 3. Bb5 Nf6 4. d3 Bc5 5. c3 d5 (5... O-O 6. O-O d6 7. Nbd2 Ne7 8. d4 exd4 9. cxd4 Bb6 10. Re1 Bg4 11. h3 Bh5 12. a4 a6 13. Bf1 Nc6 14. a5 Ba7 15. Ra4 {1-0 (40) Caruana,F (2804)-Kramnik,V (2812) Leuven 2016}) 6. exd5 {C65: Ruy Lopez: Berlin Defence (3...Nf6), unusual lines and 4 0-0 Bc5} Qxd5 {...Bxf2+! is the strong threat.} 7. Bc4 Qd6 8. Qe2 O-O 9. Bg5 $146 ({Predecessor:} 9. Nbd2 a5 10. Ng5 Qe7 11. Nde4 Bd6 12. a4 h6 13. h4 {1-0 (59) Svidler,P (2745)-Inarkiev,E (2732) Novosibirsk 2016}) 9... Be6 10. Nbd2 {[%cal Bb1d2,Bd2c4,Bc4e3,Be3d5][%mdl 32]} Bxc4 11. Nxc4 Qe6 12. Bxf6 gxf6 13. Nfd2 b5 14. Ne3 f5 15. a4 f4 (15... b4 $1 $11) 16. Qg4+ $1 $16 Qg6 (16... Kh8 $1 $14 17. Qxe6 (17. Nf5 Rg8 $15) 17... fxe6) 17. Qxg6+ hxg6 18. Nd5 Rad8 19. Nf6+ ({Much worse is} 19. axb5 $6 Rxd5 20. bxc6 Rxd3 $11) (19. Nxc7 $6 b4 $11) 19... Kg7 20. Nfe4 Bb6 21. axb5 Ne7 22. Ke2 (22. c4 $1 $18) 22... Nd5 23. g3 (23. Nb3 $142) 23... f5 24. Ng5 {aiming for Ne6+.} Rfe8 25. Nc4 e4 (25... Nf6 $14) 26. d4 f3+ 27. Kd2 Nf6 28. Ne3 $1 Rd7 29. h4 Kh6 30. Rhd1 Nd5 31. Ra4 Kh5 (31... Kg7 $142 32. b4 Nf6) 32. Nh3 $2 (32. Nh7 $18 {is more deadly.} Rxh7 33. Nxd5) 32... Nxe3 33. Kxe3 {Hoping for b4.} Kg4 34. Nf4 Rd6 35. Rc4 (35. Rh1 $16) 35... Re5 $1 $11 36. Rb4 (36. b4 $5 {[%cal Rd1h1]}) 36... Re8 {[#]} (36... a6 $11 {remains equal.}) 37. Ra1 (37. Ra4 $1 $16) 37... Re5 $2 (37... a5 $1 $11 {and Black is okay.} 38. bxa6 c5) 38. Ra6 $18 {Strongly threatening Rxb6!} Re8 {[#]} 39. Raa4 $2 ({Better is} 39. Rc4 $1 $18) 39... Rh8 $14 40. Ra1 Re8 ({Black should try} 40... a6 $1 $14) 41. Ra3 Rh8 42. Rba4 a5 43. Ra1 ({White should play} 43. bxa6 $16 {Black must now prevent a7.} c5 44. Rb3) 43... c5 {The position is equal.} 44. bxc6 Rxc6 45. Rxa5 Bxa5 46. Rxa5 $11 {[%mdl 4096] Endgame KRR-KRN} g5 47. hxg5 {Threatens to win with g6.} Rh1 48. d5 Rc8 49. g6 Re1+ 50. Kd2 $1 {[%cal Rd2e1]} Rf1 51. Ke3 {Threatening d6.} Re1+ 52. Kd2 $1 {[%cal Rd2e1]} Rf1 53. Ke3 {Precision: White = 55%, Black = 50%.} (53. Ra6 $5 {[%cal Rg6g7]} Rg8 54. Ke3 $11) 1/2-1/2

[Event "Altibox Norway Chess 2017"]
[Site "Stavanger"]
[Date "2017.06.10"]
[Round "4"]
[White "Aronian, Levon"]
[Black "Carlsen, Magnus"]
[Result "1-0"]
[WhiteElo "2793"]
[BlackElo "2832"]
[Annotator "TA"]
[PlyCount "69"]
[EventDate "2017.??.??"]
[EventType "tourn"]
[EventCountry "NOR"]
[SourceTitle "playchess.com"]
[Source "ChessBase"]
[SourceQuality "1"]

{[%evp 15,69,15,19,21,35,29,28,0,0,10,9,0,13,12,22,22,22,33,80,52,50,52,53,56,54,-98,65,63,55,68,66,50,52,56,52,54,64,64,104,105,105,105,105,0,0,0,0,5,145,163,158,152,5775,5708,4902,4898]} 1. d4 d5 2. c4 c6 3. Nf3 Nf6 4. Nc3 e6 5. e3 a6 6. b3 Bb4 7. Bd2 Nbd7 8. Bd3 O-O 9. O-O {D45: Semi-Slav: 5 e3} Qe7 (9... Bd6 10. Rc1 h6 11. Qc2 Re8 12. h3 Qe7 13. c5 Bc7 14. e4 e5 15. Rfe1 Qd8 16. exd5 cxd5 17. dxe5 Nxe5 18. Nxe5 Rxe5 19. Rxe5 Bxe5 {0-1 (27) Flores,D (2579)-Carlsen,M (2840) Doha 2016}) 10. Bc2 $146 ({Predecessor:} 10. Re1 a5 11. Ne2 b6 12. Ng3 Bb7 13. Qc1 Rac8 14. Bxb4 axb4 15. a4 c5 16. Qb2 Rfd8 {0-1 (63) Matlakov,M (2691)-Andreikin,D (2736) Sochi 2016}) 10... Rd8 11. a3 {White has an edge.} Bxa3 12. Rxa3 Qxa3 13. c5 $1 b6 $1 {[%cal Rb6c5]} 14. b4 Ne4 (14... bxc5 $2 15. Nb1 $18) 15. Nxe4 dxe4 16. Bxe4 {And now Qc2 would win.} Rb8 17. Bxh7+ Kxh7 18. Ng5+ $1 Kg8 $1 19. Qh5 Nf6 20. Qxf7+ Kh8 21. Qc7 Bd7 {[#] ...Kg8 is the strong threat.} 22. Nf7+ Kh7 {Threatens to win with ...Rdc8.} 23. Nxd8 Rc8 24. Qxb6 Nd5 25. Qa7 Rxd8 26. e4 Qd3 27. exd5 Qxd2 28. Qc7 $36 {[%mdl 2048] White is on the roll.} Qg5 {[#]} 29. dxc6 (29. d6 $1 $16) 29... Bc8 $1 $11 30. h3 (30. Qg3 $5 {[%cal Rg3g5]} Qd5 31. c7 $16) 30... Qd5 31. Rd1 e5 (31... Rf8 $1 $11 {remains equal.}) 32. Rd3 {aiming for Rg3.} exd4 33. Qe7 {White threatens Rg3 and mate.} Bf5 $2 (33... Rg8 $16 34. Qh4+ Kg6) 34. Rg3 $18 {[%csl Gg3][%cal Re7g7]} Bg6 35. Qh4+ {Precision: White = 83%, Black = 59%.} 1-0

[Event "Altibox Norway Chess 2017"]
[Site "Stavanger"]
[Date "2017.06.10"]
[Round "4"]
[White "Nakamura, Hikaru"]
[Black "Vachier-Lagrave, Maxime"]
[Result "1-0"]
[WhiteElo "2785"]
[BlackElo "2796"]
[Annotator "TA"]
[PlyCount "65"]
[EventDate "2017.??.??"]
[EventType "tourn"]
[EventCountry "NOR"]
[SourceTitle "playchess.com"]
[Source "ChessBase"]
[SourceQuality "1"]

{[%evp 15,65,0,9,7,18,12,20,12,10,10,22,32,44,30,33,29,44,45,57,43,92,85,89,79,83,93,89,90,97,88,110,122,210,175,124,92,218,204,354,352,350,343,842,784,1254,1216,12829,6498,29985,29986,497,29987]} 1. e4 c5 2. Nf3 d6 3. d4 cxd4 4. Nxd4 Nf6 5. Nc3 a6 6. Bd3 e5 7. Nde2 Be7 8. O-O O-O {LiveBook: 25 Games} 9. Ng3 {B90: Sicilian Najdorf: Unusual White 6th moves, 6 Be3 Ng4 and 6 Be3 e5} (9. f4 Nbd7 10. Kh1 b5 11. a3 Nc5 12. Ng3 Be6 13. fxe5 dxe5 14. Be3 Nfd7 15. Be2 Rc8 16. Bg4 Nf6 17. Bxe6 fxe6 {½-½ (29) Ponomariov,R (2723)-Karjakin,S (2660) Cuernavaca 2006}) 9... Be6 10. Nd5 Bxd5 $146 ({Predecessor:} 10... Nxd5 11. exd5 Bc8 12. c3 f5 13. a4 a5 14. Re1 Na6 15. Qc2 g6 16. Bxa6 bxa6 {½-½ (31) Hanio,J (2372)-Falatowicz,P (2378) ICCF email 2012}) 11. exd5 {The position is equal.} g6 12. c4 Ne8 13. Bh6 Ng7 14. b4 Nd7 15. Rc1 $36 {[%mdl 2048] White is pushing.} a5 16. a3 {[%cal Ba2a3,Ba3b4][%mdl 32]} axb4 17. axb4 Ra3 18. Ne4 f5 19. Nc3 e4 {Strongly threatening ...Bf6.} 20. Be2 Bg5 21. Bxg5 Qxg5 {[#]} 22. c5 $1 {[%cal Bc4c5,Bc5c6][%mdl 544]} Ne5 {[#]} (22... dxc5 23. bxc5) 23. c6 $1 {[%mdl 512]} Nh5 (23... Raa8 $16 {was worth a try.} 24. b5 (24. cxb7 Ra7 $14) 24... Nh5) (23... bxc6 24. dxc6) 24. Bxh5 $1 $18 (24. cxb7 Nf4 $15) 24... gxh5 25. Kh1 {c7 is the strong threat.} Qh4 (25... Nd3 $16 {keeps fighting.}) 26. Qd4 Ng4 (26... Nd3 $142) 27. h3 f4 {Threatens to win with ...f3.} 28. Kg1 ({Weaker is} 28. Qxe4 Nxf2+ 29. Rxf2 Qxf2 $11) (28. Nxe4 $2 {[#] leads to mate.} Rxh3+ $1 {[%mdl 512]} 29. gxh3 Qxh3+ 30. Kg1 Qh2#) (28. cxb7 f3 $16) 28... e3 $2 (28... Ne5 29. cxb7 Qe7) 29. hxg4 hxg4 30. cxb7 exf2+ 31. Rxf2 g3 {[#]} 32. Rxf4 $3 {[%mdl 512]} Qh2+ (32... Rxf4 33. b8=Q+) 33. Kf1 {Precision: White = 94%, Black = 20%.} 1-0

[Event "Altibox Norway Chess 2017"]
[Site "Stavanger"]
[Date "2017.06.10"]
[Round "4"]
[White "Giri, Anish"]
[Black "Anand, Viswanathan"]
[Result "1-0"]
[WhiteElo "2771"]
[BlackElo "2786"]
[Annotator "TA"]
[PlyCount "65"]
[EventDate "2017.??.??"]
[EventType "tourn"]
[EventCountry "NOR"]
[SourceTitle "playchess.com"]
[Source "ChessBase"]
[SourceQuality "1"]

{[%evp 9,65,20,19,21,21,27,39,17,12,12,17,30,25,22,23,0,25,29,22,18,25,17,29,14,25,18,24,17,30,35,34,6,6,7,58,34,50,51,70,83,160,85,87,100,100,97,77,95,186,34,168,54,46,41,535,437,720,719]} 1. c4 e5 2. Nc3 Bb4 3. Nd5 Bc5 4. e3 Nf6 5. b4 Nxd5 6. bxc5 {A21: English Opening: 1...e5 2 Nc3} Nf6 7. Nf3 Nc6 $146 ({Predecessor:} 7... Qe7 8. Be2 e4 9. Nd4 Na6 10. g4 Nxc5 11. Nf5 Qf8 12. g5 d6 {½-½ (58) Giri,A (2785)-Grischuk,A (2750) Moscow 2017}) 8. Be2 {White is slightly better.} O-O 9. Bb2 d6 10. cxd6 cxd6 11. O-O Re8 12. a4 b6 13. d3 Bg4 14. h3 Bh5 15. g4 Bg6 16. Nh4 Rc8 17. Nxg6 hxg6 18. Bf3 {[%cal Be2f3,Bf3g2,Bg2d5][%mdl 32]} g5 19. Bg2 Nd7 20. f4 gxf4 21. exf4 Nc5 (21... Nd4 $11) 22. fxe5 $14 dxe5 23. Bd5 $36 {[%mdl 2048] Threatens to win with Qf3. White is pushing.} Rf8 24. Qf3 Qd7 ({Better is} 24... Qf6) 25. Bc3 (25. Rae1 $142 $1) 25... Ne6 $16 26. Rae1 $1 Ne7 27. Rxe5 {Strongly threatening Rh5.} Nxd5 28. Rxd5 ({Reject} 28. cxd5 Rxc3 29. dxe6 Qd4+ 30. Re3 Rxd3 $11) 28... Qxa4 (28... Qe7 $16) 29. g5 $2 ({Only move:} 29. Rh5 $18 {Threatening mate with Qf5.} Rc5 30. Be5 Rxe5 31. Rxe5) 29... Rc5 {[#]} ({Black should try} 29... a5 $14) 30. h4 (30. Qf5 $1 $18) 30... Rxd5 $1 $14 31. cxd5 Nc5 $2 {[%mdl 8192] [#]} (31... Qxh4 $14 32. dxe6 Qxg5+ 33. Qg2 Qe3+ 34. Kh2 Qh6+ 35. Kg1 Qe3+ 36. Kh2 Qh6+ 37. Kg1 Qe3+) 32. g6 $1 $18 {[%cal Rg6f7]} Qd7 (32... f5 $142 33. Ra1 Qxh4) 33. Bb4 {Precision: White = 57%, Black = 39%.} 1-0

[Event "Altibox Norway Chess 2017"]
[Site "Stavanger"]
[Date "2017.06.11"]
[Round "5"]
[White "Carlsen, Magnus"]
[Black "Giri, Anish"]
[Result "1/2-1/2"]
[WhiteElo "2832"]
[BlackElo "2771"]
[Annotator "TA"]
[PlyCount "81"]
[EventDate "2017.??.??"]
[EventType "tourn"]
[EventCountry "NOR"]
[SourceTitle "playchess.com"]
[Source "ChessBase"]
[SourceQuality "1"]

{[%evp 20,81,25,11,24,0,14,4,28,25,31,17,22,15,18,-16,0,0,0,0,0,0,0,-20,0,-6,-6,-37,-44,-21,-31,-39,-33,-40,-30,-35,-11,-11,-14,-17,0,-6,0,0,0,0,0,0,0,0,0,0,0,0,0,0,0,0,0,0,0,0,0,0]} 1. e4 e5 2. Nf3 Nc6 3. Bc4 Bc5 4. O-O Nf6 5. d3 O-O 6. h3 d6 7. c3 a6 8. a4 {C54: Giuoco Piano: 4 c3 Nf6, main lines with 5 d4 and 5 d3} Ba7 9. Re1 h6 10. Nbd2 {[%cal Bb1d2,Bd2f1,Bf1e3,Be3c4][%mdl 32]} Be6 11. b4 {LiveBook: 10 Games} Nh5 $146 ({Predecessor:} 11... Re8 12. Bxe6 Rxe6 13. Qc2 d5 14. Nb3 Ne7 15. exd5 Qxd5 {½-½ (45) Fressinet,L (2662)-Amin,B (2660) Sharjah 2017}) 12. Nf1 Qf6 13. Ne3 Bxc4 (13... Bxe3 $5 14. Bxe3 Bxc4 15. dxc4 Nf4 $11) 14. Nxc4 Nf4 15. Be3 (15. Bxf4 {is interesting.} Qxf4 16. Rb1 b5 17. Ne3 Bxe3 18. Rxe3 Qf6 19. a5) 15... Bxe3 16. fxe3 Ng6 17. b5 axb5 18. axb5 Nce7 19. Qb3 d5 {[#] Threatens to win with ...Rxa1.} 20. Rxa8 Rxa8 21. Ncd2 c6 22. d4 Qd6 23. Qb2 dxe4 24. Nxe4 Qd5 25. Ned2 cxb5 {Hoping for ...e4.} 26. e4 Qc6 27. Kh1 Rc8 28. d5 {The position is equal.} Qxc3 29. Qxb5 Qc7 30. Rb1 f5 31. Qb4 {[#] d6 is the strong threat.} fxe4 32. d6 Nd5 33. dxc7 Nxb4 34. Rxb4 exf3 35. Rxb7 $11 {[%mdl 4096] Endgame KRN-KRN} f2 36. g3 Kh7 37. Kg2 Ne7 38. Kxf2 Nd5 39. Nc4 Rxc7 40. Rxc7 Nxc7 41. Nxe5 {Precision: White = 52%, Black = 58%.} 1/2-1/2

[Event "Altibox Norway Chess 2017"]
[Site "Stavanger"]
[Date "2017.06.11"]
[Round "5"]
[White "Kramnik, Vladimir"]
[Black "Nakamura, Hikaru"]
[Result "1/2-1/2"]
[WhiteElo "2808"]
[BlackElo "2785"]
[Annotator "TA"]
[PlyCount "98"]
[EventDate "2017.??.??"]
[EventType "tourn"]
[EventCountry "NOR"]
[SourceTitle "playchess.com"]
[Source "ChessBase"]
[SourceQuality "1"]

{[%evp 18,98,6,0,33,30,27,0,28,23,23,21,24,18,33,28,18,24,24,16,24,20,20,20,32,17,17,0,30,27,33,37,52,53,55,62,59,47,71,14,18,14,14,14,14,10,10,10,10,7,6,7,8,10,20,14,15,8,10,0,0,8,11,0,14,0,0,0,2,0,0,0,8,8,8,8,0,0,0,0,8,0,8]} 1. e4 c5 2. Nf3 d6 3. Nc3 Nf6 4. d4 cxd4 5. Qxd4 a6 6. e5 Nc6 {B53: Sicilian: 2...d6: Lines with Qxd4} 7. Qa4 dxe5 8. Nxe5 Bd7 9. Nxd7 Qxd7 10. Bd2 {LiveBook: 6 Games} g6 (10... e6 11. O-O-O Qd4 12. Be3 Qxa4 13. Nxa4 Nd5 14. Bc5 {1-0 (59) Movsesian,S (2666)-Duda,J (2671) Banska Stiavnica 2016}) 11. O-O-O Bg7 12. Bg5 $146 (12. Be3 $5 {[%cal Rd1d7]} Qc7 13. g3 $14) ({Predecessor:} 12. Be3 Qc8 13. h3 O-O 14. g4 {1-0 (30) Blehm,P (2420)-Janssen,R (2345) Calicut 1998}) 12... Qg4 (12... Qf5 {seems wilder.} 13. Be3 Ng4 14. Bd3 Qe6 15. Bc4 Qf5) 13. Bxf6 Qxa4 14. Nxa4 ({But not} 14. Bxg7 $2 Qf4+ 15. Kb1 Rg8 $19) 14... Bxf6 15. c3 e6 16. g3 Rc8 17. Bg2 Be7 18. Rd2 h5 {[%cal Bh7h5,Bh5h4][%mdl 32]} 19. Rhd1 h4 20. Nb6 Rc7 21. Na8 Rc8 22. Nb6 $36 {[%mdl 2048] White has the initiative.} (22. Bxc6+ $5 bxc6 23. Nb6 $11) 22... Rc7 23. f4 hxg3 24. hxg3 Rh5 25. Na8 Rc8 26. Rd7 $1 Rh2 27. Be4 Re2 28. Bxc6 (28. Bf3 $16 Re3 29. Bxc6 bxc6 30. Nc7+ Kf8 31. Rh1 (31. Nxa6 Ra8 $11)) 28... bxc6 $11 {The position is equal.} 29. Nc7+ Kf8 30. Rh1 {[#] And now Rh8+ would win.} Bf6 31. Nxa6 Ra8 $1 {[%cal Ra8a6]} 32. Nb4 c5 33. Nd3 Rxa2 {[%cal Ra2a1] [#]} 34. Kb1 Ra8 $1 35. Nxc5 Rb8 36. Rb7 Rxb7 37. Nxb7 {[%mdl 4096] Endgame KRB-KRN} Rg2 38. Rh3 g5 39. fxg5 Bxg5 40. Nc5 Be7 41. Nd3 Bd6 42. Nf4 Rf2 43. Rh4 Ke7 44. Rg4 Rf1+ 45. Kc2 Rf2+ 46. Kb3 Rd2 47. Rg8 Rf2 48. Rg4 Rd2 49. Rg8 Rf2 {Precision: White = 69%, Black = 75%.} 1/2-1/2

[Event "Altibox Norway Chess 2017"]
[Site "Stavanger"]
[Date "2017.06.11"]
[Round "5"]
[White "Vachier-Lagrave, Maxime"]
[Black "Aronian, Levon"]
[Result "1/2-1/2"]
[WhiteElo "2796"]
[BlackElo "2793"]
[Annotator "TA"]
[PlyCount "76"]
[EventDate "2017.??.??"]
[EventType "tourn"]
[EventCountry "NOR"]
[SourceTitle "playchess.com"]
[Source "ChessBase"]
[SourceQuality "1"]

{[%evp 36,76,32,35,22,22,34,33,26,29,33,35,20,11,6,0,0,0,0,-10,0,0,0,0,0,0,0,0,0,0,0,0,0,0,0,0,0,0,0,0,0,0,0]} 1. e4 e5 2. Nf3 Nc6 3. Bb5 a6 4. Ba4 Nf6 5. O-O Be7 6. Re1 b5 7. Bb3 O-O 8. c3 d5 9. exd5 Nxd5 10. Nxe5 Nxe5 11. Rxe5 c6 12. d3 Bd6 13. Re1 Bf5 14. Qf3 Qh4 {C89: Closed Ruy Lopez: Marshall Attack} 15. g3 Qh3 16. Be3 {[%cal Bc1e3,Be3d4,Bd4e5][%mdl 32]} Bxd3 17. Nd2 Qf5 18. Bd4 Rfe8 19. a4 {LiveBook: 9 Games} h6 {[#]} 20. h4 $146 ({Predecessor:} 20. Kg2 Qxf3+ 21. Nxf3 Bf5 22. axb5 axb5 23. Rxa8 Rxa8 {½-½ (39) Vachier Lagrave,M (2796)-Aronian,L (2793) Stavanger 2017}) 20... Rxe1+ 21. Rxe1 Qxf3 22. Nxf3 Bg6 23. Be5 Bc5 24. Nd4 {The position is equal.} Nb6 25. Nxc6 bxa4 26. Ba2 $1 Re8 27. Ra1 Be4 28. Bd4 Bxc6 29. Bxc5 Nd7 30. Bd4 Ne5 31. Bxe5 Rxe5 $11 {[%mdl 4096] Endgame KRB-KRB} 32. Bc4 Bb5 33. Bf1 Kf8 34. f3 Re8 35. Bxb5 axb5 36. c4 bxc4 37. Rxa4 Rb8 38. Rxc4 Rxb2 {Precision: White = 66%, Black = 89%.} 1/2-1/2

[Event "Altibox Norway Chess 2017"]
[Site "Stavanger"]
[Date "2017.06.11"]
[Round "5"]
[White "Anand, Viswanathan"]
[Black "So, Wesley"]
[Result "1/2-1/2"]
[WhiteElo "2786"]
[BlackElo "2812"]
[Annotator "TA"]
[PlyCount "65"]
[EventDate "2017.??.??"]
[EventType "tourn"]
[EventCountry "NOR"]
[SourceTitle "playchess.com"]
[Source "ChessBase"]
[SourceQuality "1"]

{[%evp 15,65,0,23,0,4,0,1,0,0,0,0,0,1,0,0,0,0,0,19,20,20,12,18,18,15,17,14,9,10,10,13,10,10,10,11,0,0,0,0,0,0,0,0,0,0,0,0,0,0,0,0,0]} 1. e4 e5 2. Nf3 Nc6 3. Bc4 Bc5 4. O-O Nf6 5. d3 O-O 6. a4 {C50: Hungarian Defence and Giuoco Pianissimo} (6. c3 d5 7. exd5 Nxd5 8. a4 Nb6 9. Bb5 Ne7 10. a5 c6 11. axb6 cxb5 12. Rxa7 Rxa7 13. bxa7 Bxa7 14. Nxe5 Bf5 15. Re1 Bb8 {½-½ (30) Anand,V (2770)-So,W (2771) Saint Louis 2016}) 6... a6 (6... a5 7. Bg5 h6 8. Bh4 Be7 9. Bg3 d6 10. h3 Nd7 11. Re1 Kh8 12. c3 Nb6 13. Bb3 f5 14. exf5 Bxf5 {½-½ (25) Caruana,F (2808)-Aronian,L (2793) Stavanger 2017}) 7. c3 d5 8. exd5 Nxd5 {LiveBook: 18 Games} 9. Re1 Bg4 {The position is equal.} 10. h3 Bh5 11. Nbd2 $146 ({Predecessor:} 11. a5 Nf6 12. Nbd2 Re8 13. Qb3 Qd7 14. Ng5 Ba7 15. Nde4 Nxe4 16. Nxe4 Ne7 {1-0 (47) Rombaldoni,A (2505)-Narayanan,S (2419) Paleochora 2014}) 11... Nb6 12. Ba2 Qxd3 13. a5 Bxf3 14. Nxf3 Qxd1 15. Rxd1 Nc8 $1 16. b4 Ba7 17. Re1 Nd6 18. Nxe5 Nxe5 19. Rxe5 Rfe8 20. Rxe8+ Rxe8 21. Kf1 Ne4 22. Bd5 c6 23. Bxe4 $1 Rxe4 $11 {[%mdl 4096] Endgame KRB-KRB} 24. Bd2 Kf8 25. Re1 Rxe1+ 26. Bxe1 {KB-KB} Ke7 27. Ke2 c5 28. Kd3 cxb4 29. cxb4 Kd6 30. Kc4 b5+ 31. axb6 Bxb6 32. b5 axb5+ 33. Kxb5 {Precision: White = 79%, Black = 94%.} 1/2-1/2

[Event "Altibox Norway Chess 2017"]
[Site "Stavanger"]
[Date "2017.06.11"]
[Round "5"]
[White "Karjakin, Sergey"]
[Black "Caruana, Fabiano"]
[Result "1/2-1/2"]
[WhiteElo "2781"]
[BlackElo "2808"]
[Annotator "TA"]
[PlyCount "146"]
[EventDate "2017.??.??"]
[EventType "tourn"]
[EventCountry "NOR"]
[SourceTitle "playchess.com"]
[Source "ChessBase"]
[SourceQuality "1"]

{[%evp 23,146,23,25,13,35,27,39,30,29,40,43,38,32,59,61,60,48,40,50,35,35,37,28,10,59,65,64,41,73,13,74,75,78,78,81,75,75,76,77,78,100,93,112,116,113,113,157,148,125,57,76,9,57,58,58,15,16,16,16,12,16,0,16,0,59,59,59,59,59,59,59,0,59,59,59,59,59,16,16,0,0,0,8,8,24,0,0,0,0,0,0,0,0,0,0,0,0,0,0,0,0,0,0,0,0,0,0,0,0,0,0,0,0,0,0,0,0,0,0,0,0,0,0,0,0]} 1. e4 e5 2. Nf3 Nf6 3. Nxe5 d6 4. Nf3 Nxe4 5. d4 d5 6. Bd3 Bd6 7. O-O O-O 8. c4 c6 9. Re1 Bf5 10. Qb3 Qd7 {C42: Petroff Defence: 3 Nxe5 and unusual White 3rd moves} 11. Nc3 Nxc3 12. Bxf5 Qxf5 {LiveBook: 8 Games. White has an edge.} 13. Qxb7 {[#]} Ne4 $146 ({Predecessor:} 13... Qd7 14. Qxd7 Nxd7 15. c5 Bxh2+ 16. Nxh2 Ne4 17. Bf4 Rfe8 18. f3 {½-½ (53) Svidler,P (2728)-Ivanchuk,V (2750) Morelia/Linares 2007}) 14. Qxa8 Qd7 $1 15. cxd5 Nf6 $1 {[%cal Rf6d5]} 16. Re3 $1 {[%cal Re3b3] [#] Black must now prevent Rb3.} Nxd5 17. Rb3 $1 {[%cal Rb3b7]} Nb4 $1 18. Rxb4 $1 Bxb4 19. Be3 $1 Bd6 $1 20. d5 $1 c5 $1 21. b4 $1 cxb4 22. Rc1 Rd8 23. Qxa7 {next Qa5 is good for White.} Qxa7 24. Bxa7 Nd7 25. Bd4 Ra8 26. Kf1 (26. Rc6 $16 Bf8 27. Kf1) 26... Ra5 (26... Kf8 $11) 27. Rc8+ $16 Bf8 28. d6 Rd5 29. Ne5 Nxe5 30. Bxe5 {[%mdl 4096] Endgame KRB-KRB} f6 31. Bg3 Kf7 32. Rb8 Bxd6 33. Bxd6 Rxd6 34. Rxb4 {KR-KR} Rd2 35. a4 Ra2 {[#]} 36. h4 ({Better is} 36. Rb7+ $1 $16 Kg6 37. Ra7) 36... h5 37. g3 (37. Rb7+ $16 Kg6 38. Rb4) 37... Kg6 38. Rf4 Kf7 39. Ke1 Ke6 40. Rb4 Kf5 41. Kd1 Ke5 42. Ke1 Kf5 $1 43. Kf1 Kg6 44. Rc4 Kh6 45. Rf4 Kg6 46. Ke1 Kf7 47. Kf1 Kg6 $1 48. Kg2 Ra3 49. Kh3 Ra2 50. g4 Ra3+ 51. f3 hxg4+ 52. Kxg4 Ra1 53. Rc4 Ra2 54. h5+ Kh6 {The position is equal.} 55. f4 Rg2+ 56. Kf5 Rh2 57. Ke6 Rxh5 58. f5 Rh1 59. Rc5 Kg5 60. Kf7 Rh7 61. a5 {And now Kg8 would win.} g6+ 62. Ke6 {Threatens to win with fxg6+.} Rh1 63. a6 {Hoping for Ra5.} (63. Rc2 $5 {[%cal Rc2g2]} Re1+ 64. Kf7 Kxf5 65. Rc5+ Ke4 66. Rc4+ (66. Kxg6 Ra1 $11) (66. Kxf6 Kd4 $11) 66... Kd5 67. Ra4 $11) 63... Ra1 64. fxg6+ Kxg6 65. Rc6 f5 {[%cal Bf6f5,Bf5f4,Bf4f3][%mdl 32]} 66. Kd6 Kg5 67. Kc7 f4 68. Kb7 f3 69. Rc2 Kf4 70. a7 Kg3 71. a8=Q Rxa8 72. Kxa8 f2 73. Rxf2 Kxf2 {Precision: White = 63%, Black = 83%.} 1/2-1/2

[Event "Altibox Norway Chess 2017"]
[Site "Stavanger"]
[Date "2017.06.12"]
[Round "6"]
[White "Carlsen, Magnus"]
[Black "Vachier-Lagrave, Maxime"]
[Result "1/2-1/2"]
[WhiteElo "2832"]
[BlackElo "2795"]
[Annotator "TA"]
[PlyCount "87"]
[EventDate "2017.??.??"]
[EventType "tourn"]
[EventCountry "NOR"]
[SourceTitle "playchess.com"]
[Source "ChessBase"]
[SourceQuality "1"]

{[%evp 14,87,19,14,28,20,10,15,24,24,42,1,34,6,21,0,22,14,19,0,0,-17,-14,-12,-22,-14,10,2,9,9,10,-21,-8,-16,-2,-8,-8,-12,0,-13,0,0,0,0,0,0,0,0,0,0,0,0,0,0,0,0,0,0,0,0,0,0,0,0,0,0,0,0,0,0,0,0,0,0,0,0]} 1. d4 Nf6 2. Bf4 g6 3. Nf3 Bg7 4. e3 O-O 5. Be2 d6 6. h3 c5 7. O-O Qb6 8. Nbd2 cxd4 {A48: 1 d4 Nf6 2 Nf3 g6: Torre, London and Colle Systems} (8... d5 9. c4 cxd4 10. Nxd4 Nc6 11. Nxc6 bxc6 12. Be5 Bf5 13. Qa4 a5 14. Nb3 Bc2 15. Rfc1 Bxb3 16. Qxb3 Qxb3 17. axb3 {½-½ (30) Abdulla,A (2492)-Safarli,E (2656) Dubai 2016}) 9. Nc4 ({Not} 9. Nxd4 e5 $17) 9... Qc7 10. exd4 Nd5 11. Bg3 b5 12. Ncd2 $146 ({Predecessor:} 12. Ne3 Nxe3 13. fxe3 Qb6 14. Bd3 Nd7 15. Qe2 a6 16. a4 bxa4 {1-0 (30) Miltner,A (2389)-Gerer,J (2218) Germany 1999}) 12... a6 13. c3 Nc6 {[%cal Bb8c6,Bc6a5,Ba5c4][%mdl 32] The position is equal.} 14. a4 Rb8 15. axb5 axb5 16. Re1 Na5 17. Qb1 Nc4 18. Qa2 {[%cal Rd2c4]} Ndb6 19. b3 Nxd2 20. Qxd2 Be6 21. Bxb5 {Black must now prevent c4.} Bxb3 22. Qe2 (22. c4 $5) 22... Bd5 23. Ra3 (23. Qxe7 $2 Qxe7 24. Rxe7 Nc8 $17) 23... Bf6 24. Nd2 Rfc8 25. Rea1 Ra8 {Hoping for ...Qxc3!} 26. Ba6 Nc4 27. Bxc4 $1 Rxa3 28. Rxa3 Bxc4 29. Qxc4 Qxc4 30. Nxc4 Rxc4 $11 {[%mdl 4096] Endgame KRB-KRB} 31. Kf1 e5 32. Ra6 exd4 33. cxd4 Rxd4 34. Rxd6 Rxd6 35. Bxd6 {KB-KB} h5 36. g4 hxg4 37. hxg4 Bd8 38. Ke2 f5 39. Kf3 fxg4+ 40. Kxg4 Kf7 41. f4 Be7 42. Bxe7 Kxe7 43. f5 gxf5+ 44. Kxf5 {Precision: White = 52%, Black = 71%.} 1/2-1/2